Formal theories of information : (رقم التسجيلة. 13879)

تفاصيل مارك
000 -الفاتح
حقل البيانات ثابتة الطول 01515cam a2200385Ia 4500
001 - رقم الضبط
رقم الضبط 7193266
003 - محدد رقم الضبط
رقم الضبط OSt
005 - وقت وتاريخ اخر تعامل مع التسجيلة
رقم الضبط 20150408113914.0
008 - عناصر البيانات ثابتة الطول - معلومات عامة
حقل البيانات ثابتة الطول 090503s2009 gw a b 101 0deng d
020 ## - الرقم الدولى المعيارى للكتب
الرقم الدولى المعيارى للكتاب 9783642006586
020 ## - الرقم الدولى المعيارى للكتب
الرقم الدولى المعيارى للكتاب 3642006582
035 ## - رقم ضبط النظام
رقم ضبط النظام (OCoLC)ocn310400680
035 ## - رقم ضبط النظام
رقم ضبط النظام (OCoLC)320035039
035 ## - رقم ضبط النظام
رقم ضبط النظام (OCoLC)310400680
035 ## - رقم ضبط النظام
رقم ضبط النظام (NNC)7193266
040 ## - مصدر الفهرسة
وكالة الفهرسة الأصلية BTCTA
وكالة النسخ BTCTA
وكالة التعديل OHX
-- YDXCP
-- TXH
082 ## - رقم تصنيف ديوى العشرى
رقم الطبعة 21
رقم التصنيف 003.54
رقم المادة F O T
090 ## - رقم الضبط المحلى
رقم تصنيف (OCLC) (R) ;رقم تصنيف, CALL (RLIN) (NR) Q387.5
كتر محلي OCLC رقم كتاب / رقم طلب غير مقسم,رقم RLIN( غير مكرر) .F67 2009
245 00 - بيان العنوان
العنوان Formal theories of information :
بقية العنوان from Shannon to semantic information theory and general concepts of information /
بيان المسئوليه,etc Giovanni Sommaruga, (ed.).
260 ## - PUBLICATION, DISTRIBUTION, ETC. (IMPRINT)
مكان الناشر او الموزع Berlin ;
-- New York :
اسم الناشر او الموزع Springer,
تاريخ النشر أو التوزيع c2009.
300 ## - الوصف المادى
التعداد vi, 267 p. :
تفاصيل ماديه اخرى للوعاء ill. ;
أبعاد الوعاء 24 cm.
490 1# - بيان السلسلة
عنوان السلسلة Lecture notes in computer science ;
رقم المجلد/ التعيين التسلسلي 5363
490 1# - بيان السلسلة
عنوان السلسلة State-of-the-art survey
504 ## - تبصرة ببليوجرافية
تبصرة ببليوجرافية,الخ Includes bibliographical references and index.
650 #0 - المدخل الاضافى بالموضوع-مصطلح موضوعى
مصطلح موضوعي أو اسم جغرافي كعنصر مدخل Semantic networks (Information theory)
التقسيم الفرعي الشكلي Congresses.
9 (RLIN) 3460
650 #0 - المدخل الاضافى بالموضوع-مصطلح موضوعى
مصطلح موضوعي أو اسم جغرافي كعنصر مدخل Information theory
التقسيم الفرعي الشكلي Congresses.
9 (RLIN) 3461
650 #0 - المدخل الاضافى بالموضوع-مصطلح موضوعى
مصطلح موضوعي أو اسم جغرافي كعنصر مدخل Uncertainty (Information theory)
التقسيم الفرعي الشكلي Congresses.
9 (RLIN) 3462
700 1# - المدخل الاضافى - اسم شخصى
الإسم الشخصى Sommaruga, Giovanni.
9 (RLIN) 3463
830 #0 - المدخل الاضافى بالسلسلة -عنوان موحد
عنوان موحد Lecture notes in computer science.
اسم جزء/قسم العمل State-of-the-art survey.
9 (RLIN) 3456
830 #0 - المدخل الاضافى بالسلسلة -عنوان موحد
عنوان موحد Lecture notes in computer science ;
رقم المجلد/ التعيين التسلسلي 5363.
9 (RLIN) 3464
856 40 - الوصول و الموقع الالكترونى
معرف المصدر الموحد <a href="http://springerlink.metapress.com/openurl.asp?genre=issue&issn=0302-9743&volume=5363">http://springerlink.metapress.com/openurl.asp?genre=issue&issn=0302-9743&volume=5363</a>
تبصرة عامة Restricted to SpringerLink subscribers.
942 ## - عناصر المدخل الإضافي( كوها)
مصدر التصنيف او مخطط الترفيف Dewey Decimal Classification
Koha [default] item type DVD
948 1# - معلومات معالجة محلية جزء السلاسل(OCLC); DESIGNATOR (RLIN)
Series part designator, SPT (RLIN) 20090730
b (OCLC) c
c (OCLC) oc2016
d (OCLC) MPS
المقتنيات
حالة الفقد نموذج السعر الفعال حالة تلف ليس للاعارة رقم الطلب تاريخ الاكتساب الموقع الحالي الباركود الفرع الرئيسي Date last seen نوع المادة فى نظام كوها مصدر التصنيف او خطة الترفيف Total Checkouts
  2013-03-10     003.54 F O T 2011-08-27 قسم الاجراءات الفنية (IC) 00102080 قسم الاجراءات الفنية (IC) 2013-03-10 كتاب Dewey Decimal Classification  
  2013-03-10     003.54 F O T 2011-08-27 قسم الاجراءات الفنية (IC) 00102081 قسم الاجراءات الفنية (IC) 2013-03-10 كتاب Dewey Decimal Classification